Actividades estratégicas de enseñanza y aprendizaje: propuestas para fomentar la autonomía en el aprendizaje
Guardat en:
| Autors principals: | , , , |
|---|---|
| Format: | Llibre |
| Idioma: | espanyol |
| Publicat: |
Barcelona
Ceac
2003
|
| Col·lecció: | Aula Práctica Primaria
|
| Matèries: | |
| Etiquetes: |
Afegir etiqueta
Sense etiquetes, Sigues el primer a etiquetar aquest registre!
|
MARC
| LEADER | 00000nam a2200000 a 4500 | ||
|---|---|---|---|
| 001 | UCI9746 | ||
| 003 | CL-VaPUC | ||
| 008 | 081204e20030000SP |||||||||||||||||spa|d | ||
| 020 | |a 8432986658 | ||
| 082 | 0 | 4 | |a 372.21 |b BAD |2 21 |
| 100 | 0 | |a Badia Garganté, Antoni |e author |9 533666 | |
| 700 | 0 | |a Boadas Mir, Elena |e author |9 533667 | |
| 700 | 0 | |a Fuentes Agustí, Marta |e author |9 533668 | |
| 700 | 0 | |a Liesa Hernández, Eva |e author |9 533669 | |
| 245 | 1 | 0 | |a Actividades estratégicas de enseñanza y aprendizaje: propuestas para fomentar la autonomía en el aprendizaje |
| 300 | |a 208 p | ||
| 942 | |c BK | ||
| 945 | |d 20081204 00:00:00 |a jtorresc | ||
| 260 | |a Barcelona |b Ceac |c 2003 | ||
| 650 | 0 | |a Educación preescolar |9 260381 | |
| 650 | 0 | |a Aprendizaje escolar |9 524228 | |
| 650 | 7 | |a PROPUESTAS EDUCATIVAS |2 CL-VaPUC |9 390553 | |
| 650 | 0 | |a Desarrollo infantil |9 308064 | |
| 650 | 0 | |a Métodos de enseñanza |9 270413 | |
| 583 | |a last modification |c 20190723 10:26:47 |k Rodrigo Vera | ||
| 490 | 0 | |a Aula Práctica Primaria | |
| 999 | |c 332225 |d 332223 | ||
| 952 | |0 0 |1 0 |4 0 |6 372_210000000000000_BAD_2003 |7 0 |8 A |9 419738 |a BIBEDU |b BIBEDU |c ES_NOD |d 2019-11-22 |i 4502272 |o 372.21 BAD 2003 |p 4502272 |r 2023-08-09 |w 2019-11-22 |y BK |k EPE | ||
| 952 | |0 0 |1 0 |4 0 |6 372_210000000000000_BAD_2003 |7 0 |8 A |9 419739 |a BIBEDU |b BIBEDU |c ES_NOD |d 2019-11-22 |i 4511026 |o 372.21 BAD 2003 |p 4511026 |r 2023-08-09 |w 2019-11-22 |y BK |k EPE | ||